00517 a2200181 450000100060000002000060000604000240001210000260003624000430006224500380010530000070014336200090015044000220015965000240018194200070020595201060021299900170031868787 a  cAnchieta - Itaigara aCasasanta, Therezinha10aGirafinha flor faz uma descobertalpor10aGirafinha flor faz uma descoberta a220 a1996 1aEditora do Brasil 4aLiteratura infantil cBK 00104070a88.1b88.1d2023-11-21l0oLI 028.5 CAS GIRp483/ITAr2023-11-21 20:03:05w2023-11-21yBK c68787d68787